000
00284nam a2200121 a 4500
001
000001827
005
20200929145723.0
008
090629s1995 000 spa d
020
_a
8585371080
245
0
_a
The voyager's Brazil.
260
_a
Salvador, BA,
_c
1995.
999
_c
1704
_d
1704
040
_a
DO-SdBNP